MARC

LEADER 00000nam0a2200000 4500
001 295868
005 20231102000842.0
035 |a (RuTPU)RU\TPU\book\320958 
035 |a RU\TPU\book\276408 
090 |a 295868 
100 |a 20150526d1979 k a0rusy5003 ca 
101 0 |a rus 
102 |a RU 
105 |a a z 001zy 
200 1 |a Гидрологические основы гидроэнергетики  |f А. Ш. Резниковский [и др.] 
210 |a Москва  |c Энергия  |d 1979 
215 |a 232 с.  |c граф., карт. 
300 |a Авт. указаны на обороте тит. л. 
320 |a Библиогр.: с. 226-230 (126 назв.). 
606 1 |a Гидрология речная  |2 stltpush  |3 (RuTPU)RU\TPU\subj\6726  |9 34535 
610 1 |a гидроэнергетика 
610 1 |a гидроэлектрические станции 
610 1 |a проектирование 
610 1 |a реки 
610 1 |a сток 
610 1 |a водное хозяйство 
610 1 |a случайные процессы 
610 1 |a моделирование 
675 |a 627.13  |v 3 
701 1 |a Резниковский  |b А. Ш.  |g Аркадий Шмерович 
701 1 |a Александровский  |b А. Ю.  |g Алексей Юрьевич 
701 1 |a Атурин  |b В. В.  |g Валерий Викторович 
701 1 |a Гладкова  |b С. П.  |g Светлана Петровна 
701 1 |a Костина  |b С. Г.  |g Светлана Георгиевна 
701 1 |a Романова  |b Е. А.  |g Елизавета Абрамовна 
701 1 |a Рубинштейн  |b М. И.  |g Мила Ильинична 
801 0 |a RU  |b 63413507  |c 19950417  |g psbo 
801 1 |a RU  |b 63413507  |c 20140318 
801 2 |a RU  |b 63413507  |c 20160510  |g RCR 
942 |c BK